00329nam a22001217a 4500008004100000020001500041082001100056100001400067245006300081260004100144300000800185650001400193250519b |||||||| |||| 00| 0 eng d a8177588524 a105.23 aS. Haykin aNeural Networks - A Comprehensive Foundationbby S. Haykin aNew DelhibPearson Educationc2007 a823 aComputers